Airline Hub Airports - Statistics

General Stats
  • This quiz has been taken 151 times
  • The average score is 76 of 94
Answer Stats
Airline Answer % Correct
British London
100%
Easyjet London
100%
Virgin Atlantic London
100%
Tui Airways London
100%
Delta Atlanta
96%
American Dallas
96%
Southwest Dallas
96%
Air France Paris
95%
French Bee Paris
95%
La Compagnie Paris
95%
KLM Amsterdam
94%
Transavia Amsterdam
94%
Emirates Dubai
94%
Lufthansa Frankfurt
94%
Condor Frankfurt
94%
Hawaiian Honolulu
94%
JetBlue New York
94%
Alaska Seattle
94%
Air China Beijing
93%
Aer Lingus Dublin
93%
Ryanair Dublin
93%
Brussels Brussels
92%
United Chicago
92%
Turkish Istanbul
92%
China Eastern Shanghai
92%
Juneyao Airlines Shanghai
92%
Shanghai Airlines Shanghai
92%
Singapore Singapore
92%
Qantas Sydney
92%
IndiGo Delhi
91%
Air India Delhi
91%
Egyptair Cairo
90%
Cathay Hong Kong
90%
All Nippon Airways Tokyo
90%
Japan Air Tokyo
90%
Swiss Zurich
90%
Edelweiss Air Zurich
90%
Ukraine International Kiev
88%
TAP Portugal Lisbon
88%
Air Europa Madrid
88%
Iberia Madrid
88%
LOT Polish Warsaw
88%
Air New Zealand Auckland
87%
Qatar Doha
87%
Cebu Pacific Manila
87%
Philippines Airlines Manila
87%
Norwegian Air Shuttle Oslo
87%
Norwegian Long Haul Oslo
87%
Thai Airways Bangkok
86%
Air Asia Bangkok
86%
Finnair Helsinki
86%
S7 Moscow
86%
Aeroflot Moscow
86%
Scandinavian Stockholm
86%
El Al Isreal Tel Aviv
86%
Austrian Vienna
86%
Alitalia Rome
85%
Korean Air Seoul
85%
Frontier Denver
84%
Gaurda Indonesia Jakarta
84%
Lion Air Jakarta
84%
Malaysian Kuala Lumpur
84%
Etihad Abu Dhabi
83%
South African Johannesburg
83%
Kuwait Kuwait
83%
Ethopian Addis Ababa
81%
Aegean Athens
79%
China Southern Guangzhou
78%
Shenzhen Airlines Shenzhen
78%
LEVEL Barcelona
77%
Vueling Barcelona
77%
Eva Air Taipei
77%
Royal Jordanian Amman
75%
XiamenAir Xiamen
75%
Saudia Jeddah
74%
Virgin Australia Brisbane
73%
Sun Country Minneapolis
71%
Oman Air Muscat
70%
Luxair Luxembourg
69%
airBaltic Riga
68%
Allegiant Las Vegas
62%
Wizz Air Budapest
59%
Spirit Fort Lauderdale
59%
Sichuan Airlines Chengdu
58%
Eurowings Dusseldorf
58%
Loganair Edinburgh
54%
Fiji Airways Nadi
50%
Pegasus Ankara
39%
Hainan Airlines Haikou
39%
Jet2 Leeds
37%
Air Nostrum Valencia
33%
Danish Air Transport Billund
30%
Pakistan International Islambad
13%
Widerøe Bode
12%
No matching quizzes found
Score Distribution
Percent of People with Each Score
Percentile by Number Answered
Your Score History
You have not taken this quiz